| 000 | 01203nam a22003615b 4500 | ||
|---|---|---|---|
| 001 | 446 | ||
| 003 | DO-SdBPM | ||
| 005 | 20250611093837.0 | ||
| 007 | ta | ||
| 008 | 950710s1999 sp a | | ||spa | ||
| 017 |
_a _b |
||
| 020 | _a8424179048 | ||
| 040 |
_aDO-SdBPM _bspa _cBPMSU _erda |
||
| 082 | 4 |
_a863.6 _bJ61e 1999 _222 |
|
| 100 | 1 |
_a Jiménez Soria, Ángeles, _d1955- _eautor |
|
| 245 | 1 | 0 |
_a En qué se parecen un elefante y un gato? / _c Ángeles Jiménez ; ilustrado por Pablo Rafael Prestifilippo. _h |
| 250 | _a | ||
| 264 |
_aLeón, España : _bEditorial Everest, _c1999 |
||
| 300 |
_a33 páginas . : _bil.ustraciones ; _c21 cm |
||
| 336 |
_atexto _btxt _2rdacontent |
||
| 337 |
_asin mediación _bn _2rdamedia |
||
| 338 |
_avolumen _bnc _2rdacarrier |
||
| 490 | 0 |
_aMontaña encantada; _aPrimeros lectores, _v |
|
| 590 | _aInventariado, 2025/VM | ||
| 600 | _2 | ||
| 650 | 7 | _aCuentos infantiles españoles | |
| 650 | 7 |
_aGatos _vCuentos infantiles |
|
| 650 | 7 |
_aAnimales _vCuentos infantiles |
|
| 650 | 7 |
_a Elefantes _vCuentos infantiles |
|
| 700 | 1 |
_aPrestifilippo, Pablo Rafael, _eilustrador |
|
| 910 | _aVMateo V. Control de calidad. BPMSU | ||
| 942 |
_2ddc _cBK |
||
| 999 |
_c15152 _d15152 |
||